[Event "COL-ch U12"]
[Site "Choconta"]
[Date "2023.03.20"]
[Round "6"]
[White "Rodriguez Velasquez, William Nicolas"]
[Black "Garzon Camelo, Andres Santiago"]
[Result "0-1"]
[WhiteElo "1556"]
[BlackElo "1928"]
[PlyCount "100"]
[EventDate "2023.03.17"]
[EventType "swiss"]
[EventRounds "7"]
[EventCountry "COL"]
[SourceTitle "CBM 213 Extra"]
[Source "ChessBase"]
[SourceDate "2023.05.31"]
[SourceVersion "1"]
[SourceVersionDate "2023.05.31"]
[SourceQuality "1"]

1. d4 Nf6 2. c4 e6 3. Nc3 d5 4. cxd5 exd5 5. Bg5 Be7 6. e3 h6 7. Bh4 c6 8. Bd3 0-0 9. Nf3 Ne4 10. Bxe7 Qxe7 11. Ne5 Nd7 12. Nxe4 Nxe5 13. Nc5 b6 14. Nb3 Qb4+ 15. Ke2 Nxd3 16. Qxd3 a5 17. Qc3 Ba6+ 18. Kd2 Qb5 19. Rhe1 a4 20. Nc1 c5 21. Ne2 Rac8 22. b3 a3 23. Rac1 Rc6 24. Nf4 Rfc8 25. Nxd5 cxd4 26. Qxd4 Rxc1 27. Ne7+ Kh8 28. Nxc8 Rxe1 29. Nd6 Qe2+ 30. Kc3 Qb2+ 31. Kb4 Qxd4+ 32. exd4 Rd1 33. Nxf7+ Kg8 34. Ne5 Rxd4+ 35. Kxa3 Rd2 36. f4 Rxg2 37. Nd7 b5 38. Nc5 b4+ 39. Kxb4 Rxa2 40. Ne4 Rxh2 41. Kc5 Rh4 42. Nd6 Rxf4 43. b4 h5 44. Ne8 h4 45. Nc7 Bf1 46. Nd5 Rf5 47. Kd4 Rxd5+ 48. Kxd5 h3 49. Kc5 h2 50. b5 h1Q 0-1